书目信息 |
| 题名: |
室内盆栽花卉和装饰
|
|
| 作者: | 塞奇 ;肖良 范晓红 | |
| 分册: | ||
| 出版信息: | 北京 中国农业出版社 1999 |
|
| 页数: | 139 | |
| 开本: | 23cm | |
| 丛书名: | ||
| 单 册: | ||
| 中图分类: | S605 | |
| 科图分类: | ||
| 主题词: | 园艺 | |
| 电子资源: | ||
| ISBN: | 7-109-05789-5 | |
| 000 | 00607nam0 2200193 450 | |
| 001 | 0741144344 | |
| 005 | 20070817112544.34 | |
| 010 | @a7-109-05789-5@b精装@d¥89.00 | |
| 100 | @a20070817d km y0chiy0120 ea | |
| 101 | 0 | @achi |
| 200 | 1 | @a室内盆栽花卉和装饰@Ashi nei pen zai hua hui he zhuang shi@f(英)塞奇@F(ying)sai qi@g肖良 范晓红@Gxiao liang fan xiao hong |
| 210 | @a北京@c中国农业出版社@d1999 | |
| 215 | @a139@c彩图@d23cm | |
| 606 | 0 | @a园艺 |
| 690 | @aS605@v3 | |
| 701 | 0 | @a塞奇@Asai qi |
| 702 | 0 | @a肖良 范晓红@Axiao liang fan xiao hong |
| 801 | 0 | @aCN@bPFT@c20070817 |
| 905 | @a213230@dS605@en1@f1 | |
| 室内盆栽花卉和装饰/(英)塞奇/肖良 范晓红.-北京:中国农业出版社,1999 |
| 139:彩图;23cm |
| ISBN 7-109-05789-5(精装):¥89.00 |
| ● |
| 相关链接 |
|
|
|
|
正题名:室内盆栽花卉和装饰
索取号:S605/n1
 
预约/预借
| 序号 | 登录号 | 条形码 | 馆藏地/架位号 | 状态 | 备注 |
| 1 | 6600646 | 266006467 | 密集书库-生命科学系/ [索取号:S605/n1] | 在馆 |